LEADER 00699nam a2200193 i 4500 001 000000253516 003 CaOOAMICUS 005 20170331000000.0 008 170331s1657 xx u000 u fre u 013 $a232421 026 $alas: uras s.ca nudo (3) 1657 (R) 040 $aSeMil$bita 245 10$aNeufiesme partie. 300 $a336 p. 773 0 $tCleopatre, dediée à Monseigneur le prince. [Premiere-douziesme et derniere partie].$dA Leyde : Chez Jean Sambix, 1648-1661.$g9$w()4300 850 $aSeMil 852 $aSeMil$W1$xVenegono$y1$m1W I 53 FA$j203862$B203862$CSeMilBibl$Z2$F217286 $8I 961 $aRecupero: Mantegazza 996 $6245$aNeufiesme partie$9(OLS)http://semarc/title/410616 LEADER 00872nam a2200217 i 4500 001 000000193922 003 CaOOAMICUS 005 20101102000000.0 008 101102s1981 it u000 u ita u 013 $a172566 040 $aSeMil$bita 100 1 $aCarnago, Francesco.$0(OLS)http://semarc/name/70515 245 14$aUna vita da prete :$bdon Silvio Gallotti /$cFrancesco Carnago. 260 $aRoma :$bEd. Monfortane,$c1981. 300 $a158 p. ;$c22 cm. 500 $aContiene : Nota giustificativa e bibliografica. 650 4$aGallotti, Silvio .$0(OLS)http://semarc/subject/35955 850 $aSeMil 852 $aSeMil$W1$xVenegono$y1$m3J III 190$j144496$B144496$CSeMilBibl$Z2$F155805 $81 996 $6245$aUna vita da prete :$bdon Silvio Gallotti$9(OLS)http://semarc/title/279572 996 $6260$aRoma :$bEd. Monfortane$9(OLS)http://semarc/publisher/29862